150 biggest cities in China with a Map - Statistics

General Stats
  • This quiz has been taken 93 times
  • The average score is 76 of 150
Answers on the Map
Answers color-coded by a green-red scale on the quiz's map according to % correct below.
 
Answer Stats
Population City % Correct
18,960,744 Bĕijīng
98%
10,494,879 Wŭhàn
98%
16,096,724 Guăngzhōu
96%
21,909,814 Shànghăi
96%
13,568,357 Chéngdū
94%
9,580,819 Chóngqìng
94%
5,242,897 Hārbin
94%
7,519,814 Nánjīng
92%
17,444,609 Shēnzhèn
92%
9,392,938 Xī'ān
92%
6,165,279 Qīngdăo
91%
11,052,404 Tiānjīn
91%
3,842,560 Ürümqi
91%
4,617,251 Xiàmén
91%
4,913,879 Dàlián
89%
1,024,407 | 5,630,256 Chángshā
87%
5,055,978 Héféi
87%
3,723,454 Fúzhōu
85%
9,236,032 Hángzhōu
85%
5,648,162 Jìnán
85%
5,273,144 Kūnmíng
85%
7,026,358 Shĕnyáng
85%
6,461,013 Zhèngzhōu
85%
4,582,703 Nánníng
83%
3,731,203 Níngbō
81%
2,349,239 Hăikŏu
77%
5,892,892 Sūzhōu
75%
4,303,673 Tàiyuán
75%
2,582,017 Wēnzhōu
75%
1,480,332 Ānshān
74%
4,557,356 Chángchūn
72%
9,644,871 Dōngguān
72%
3,838,900 Shàntóu
72%
5,090,440 Shíjiāzhuāng
72%
4,021,275 Guìyáng
70%
3,012,577 Lánzhōu
70%
2,230,661 Luòyáng
70%
9,042,509 Fóshān
68%
1,255,619 Huáinán
68%
2,743,843 Línyí
68%
3,956,985 Wúxī
68%
2,750,312 Zībo
68%
2,373,399 Hohhot
66%
1,940,384 Băodìng
62%
1,307,802 Màomíng
62%
3,518,975 Nánchāng
62%
2,549,968 Tángshān
62%
1,998,405 Wéifāng
62%
2,104,114 Bāotóu
60%
1,804,611 Huái'ān
60%
2,987,600 Nántōng
60%
1,485,502 Táizhōu
60%
1,348,327 Tàizhōu
60%
1,677,177 Xīníng
60%
2,311,885 Yāntái
60%
1,361,244 Guìlín
58%
1,193,802 Kāifēng
58%
2,204,841 Liŭzhōu
58%
2,845,552 Xúzhōu
58%
1,809,505 Dàtóng
57%
2,095,134 Hándān
57%
1,254,455 Nánchōng
57%
1,598,165 Wúhú
57%
1,662,968 Yínchuān
57%
1,187,772 Ānyáng
55%
1,353,475 Yánchéng
55%
3,187,315 Chángzhōu
53%
2,900,113 Huìzhōu
53%
1,416,591 Tàiān
53%
1,339,645 Wēihăi
53%
1,604,027 Dàqìng
51%
1,191,810 Fùyáng
51%
1,539,389 Pútián
51%
1,029,522 Qíqíhar
51%
1,077,704 Bèngbù
49%
1,481,384 Yìwū
49%
1,128,479 Lúzhōu
47%
1,549,499 Miányáng
47%
1,147,175 Rìzhào
47%
2,207,090 Zhūhăi
47%
1,675,245 Zūnyì
47%
1,700,054 Jìníng
45%
1,469,157 Quánzhōu
45%
2,067,254 Yángzhōu
45%
1,107,702 Băojī
43%
1,045,966 Píngdĭngshān
43%
3,841,873 Zhōngshān
43%
1,457,510 Cíxī
42%
1,400,709 Zhànjiāng
42%
1,093,068 Chìfēng
40%
1,188,321 Jiāxīng
40%
1,520,199 Qínhuángdăo
40%
1,686,403 Xiāngyáng
40%
1,339,384 Zhāngjiākŏu
40%
1,778,132 Gànzhōu
38%
1,185,130 Héngyáng
38%
1,123,813 Zhènjiāng
38%
1,100,719 Chángdé
36%
1,069,940 Lù'ān
36%
1,271,350 Xīnxiāng
36%
1,135,817 Dázhōu
34%
1,228,890 Fŭshùn
34%
1,083,953 Húzhōu
34%
1,293,767 Hézé
32%
1,331,352 Jiāngyīn
32%
1,021,478 Jĭnzhōu
32%
1,407,616 Nányáng
32%
1,078,149 Wànzhōu
32%
1,480,754 Xíngtái
32%
1,125,448 Yuèyáng
32%
1,230,599 Chángshú
30%
1,197,581 Qīngyuăn
30%
2,333,080 Shàoxīng
30%
1,284,305 Yíchāng
30%
961,300 Dōngyíng
28%
1,795,459 Jiāngmén
28%
1,071,019 Liányúngăng
28%
1,342,220 Shàngráo
28%
1,100,737 Yíbīn
28%
1,349,883 Zăozhuāng
28%
1,509,292 Jílín City
26%
1,031,123 Shāngqiū
26%
1,510,148 Zhūzhōu
26%
1,040,948 Jīnhuá
25%
1,254,007 Cháozhōu
23%
1,242,906 Jiēyáng
23%
950,215 Jīngzhōu
23%
980,422 Pánjĭn
23%
1,081,559 Sùqiān
23%
1,020,430 Liáochéng
21%
1,192,776 Xiányáng
21%
1,014,843 Xìnyáng
21%
976,161 Qŭjìng
19%
1,035,810 Zhàoqìng
19%
921,440 Guìgăng
17%
957,424 Jiŭjiāng
15%
978,000 Xiāngtán
15%
1,047,461 Chángzhì
13%
1,652,159 Kūnshān
13%
937,438 Téngzhōu
13%
1,416,151 Jìnjiāng
9%
986,247 Shùyáng
9%
935,668 Pŭníng
8%
1,012,731 Ruì'ān
8%
954,914 Shíyàn
8%
1,055,893 Zhāngjiāgăng
8%
936,897 Nán'ān
4%
1,013,866 Yúyáo
4%
949,585 Yuèqīng
2%
No matching quizzes found
Score Distribution
Percent of People with Each Score
Percentile by Number Answered
Your Score History
You have not taken this quiz